[Event "I. CLANSKA LIGA ZAHOD 2025"]
[Site "Komenda"]
[Date "2025.10.24"]
[Round "7.4"]
[White "Sever, Gasper"]
[Black "Cimperman, Teo"]
[Result "1-0"]
[WhiteElo "1856"]
[BlackElo "1661"]
[PlyCount "97"]
[EventDate "2025.09.26"]
[WhiteTeam "SD VRHNIKA"]
[BlackTeam "SK KOMENDA"]

1. e4 c5 2. Nf3 Nc6 3. d4 cxd4 4. Nxd4 g6 5. Be3 Bg7 6. Nc3 Nf6 7. Bc4 O-O 8.
Bb3 a6 9. f3 d5 10. exd5 Nb4 11. Nde2 Qa5 12. Qd2 Rd8 13. Rd1 e6 14. a3 Nbxd5
15. Nxd5 Qxd2+ 16. Rxd2 Nxd5 17. c4 Nxe3 18. Rxd8+ Bf8 19. Kf2 Nf5 20. g4 Nh4
21. Ba4 b5 22. cxb5 axb5 23. Bxb5 Kg7 24. Rc1 Bb7 25. Rxa8 Bxa8 26. Bc6 Bxc6
27. Rxc6 g5 28. a4 Bb4 29. Nc1 Ng6 30. Nd3 Bd2 31. Ke2 Ba5 32. b4 Ne7 33. Rc5
Bb6 34. Rxg5+ Kf6 35. Rh5 Nd5 36. a5 Bd4 37. Rxh7 Nc3+ 38. Kd2 Nb5 39. f4 Nd6
40. Ne5 Bxe5 41. fxe5+ Kxe5 42. a6 Nc4+ 43. Kc3 Nb6 44. Rxf7 Kd6 45. a7 Kc6 46.
Rf8 Kb7 47. a8=Q+ Nxa8 48. Rxa8 Kxa8 49. g5 1-0

[Event "I. CLANSKA LIGA ZAHOD 2025"]
[Site "Komenda"]
[Date "2025.10.24"]
[Round "7.5"]
[White "Jocev, Milan"]
[Black "Stevanic, David"]
[Result "0-1"]
[WhiteElo "2206"]
[BlackElo "2311"]
[PlyCount "118"]
[EventDate "2025.09.26"]
[WhiteTeam "SK TRZIN"]
[BlackTeam "SK KOCEVJE"]

1. d4 Nf6 2. c4 e6 3. g3 d5 4. Nf3 dxc4 5. Bg2 a6 6. O-O b5 7. Ne5 Nd5 8. e4
Nf6 9. d5 exd5 10. exd5 Bd6 11. Nf3 O-O 12. Nd4 Bb7 13. a4 Bxd5 14. Bxd5 Nxd5
15. Qf3 Be5 16. Rd1 b4 17. Nc2 c6 18. Nxb4 Qf6 19. Qxf6 Bxf6 20. Nxd5 cxd5 21.
Rxd5 Nc6 22. Nc3 Nb4 23. Rc5 Rfc8 24. Rxc8+ Rxc8 25. Ne4 Be5 26. Kg2 Nd3 27.
Rb1 Nxc1 28. Rxc1 Bxb2 29. Rc2 c3 30. Kf3 f5 31. Nd6 Rc5 32. Ke3 Kf8 33. Kd4
Ra5 34. Nc4 Rxa4 35. Kd3 Rb4 36. Re2 g6 37. f4 Rb8 38. Re6 Rd8+ 39. Kc2 Re8 40.
Rxa6 Re2+ 41. Kb3 Rxh2 42. Ra7 Rh3 43. Ne5 Rxg3 44. Rxh7 Bc1 45. Nd7+ Ke8 46.
Nf6+ Kd8 47. Kc2 Bd2 48. Nd5 Rg4 49. Rg7 Rg2 50. Kd1 Ke8 51. Ne7 Kd8 52. Nd5
Rg1+ 53. Kc2 Rg3 54. Rh7 Be1 55. Nb4 Rg2+ 56. Kd1 Bg3 57. Rh3 Kd7 58. Nd5 c2+
59. Kc1 Kd6 0-1

[Event "I. CLANSKA LIGA ZAHOD 2025"]
[Site "Komenda"]
[Date "2025.10.24"]
[Round "7.5"]
[White "Acimovic, Sergej"]
[Black "Krupenko, Peter"]
[Result "1/2-1/2"]
[WhiteElo "2167"]
[BlackElo "1968"]
[PlyCount "62"]
[EventDate "2025.09.26"]
[WhiteTeam "SK KOCEVJE"]
[BlackTeam "SK TRZIN"]

1. d4 d5 2. c4 c6 3. Nf3 Nf6 4. Nc3 e6 5. e3 Be7 6. Bd3 dxc4 7. Bxc4 b5 8. Bb3
Bb7 9. O-O O-O 10. Qe2 a6 11. Rd1 c5 12. e4 b4 13. d5 bxc3 14. dxe6 Qc7 15.
exf7+ Kh8 16. Ng5 Nbd7 17. f4 c4 18. Bxc4 cxb2 19. Bxb2 Qxf4 20. Ne6 Qxe4 21.
Qxe4 Bxe4 22. Rxd7 Rxf7 23. Rf1 Bc6 24. Rxf6 Bxf6 25. Rxf7 Bxb2 26. Rc7 Bb5 27.
Bxb5 axb5 28. Rb7 h6 29. Rxb5 Rxa2 30. h4 Bf6 31. h5 Ra8 1/2-1/2

[Event "I. CLANSKA LIGA ZAHOD 2025"]
[Site "Komenda"]
[Date "2025.10.24"]
[Round "7.5"]
[White "Jakob, Matthias"]
[Black "Zuzek, Bor"]
[Result "1/2-1/2"]
[WhiteElo "1996"]
[BlackElo "2073"]
[PlyCount "60"]
[EventDate "2025.09.26"]
[WhiteTeam "SK TRZIN"]
[BlackTeam "SK KOCEVJE"]

1. e4 e5 2. Nf3 Nc6 3. Nc3 Nf6 4. Bb5 Bb4 5. O-O O-O 6. d3 d6 7. Bg5 Bxc3 8.
bxc3 Qe7 9. Re1 Nd8 10. d4 Ne6 11. Bd2 c6 12. Bd3 Qc7 13. a4 h6 14. a5 g5 15.
Qc1 Nh7 16. Qb2 f6 17. Reb1 Nf4 18. Bxf4 gxf4 19. Qb4 Kg7 20. Nh4 Rb8 21. Rb2
Rf7 22. Bc4 Re7 23. Rab1 Ng5 24. Bd3 b6 25. f3 Be6 26. Bc4 Bc8 27. Bd3 Be6 28.
Bc4 Bc8 29. Bd3 Be6 30. Bc4 Bc8 1/2-1/2

[Event "I. CLANSKA LIGA ZAHOD 2025"]
[Site "Komenda"]
[Date "2025.10.24"]
[Round "7.5"]
[White "Mestek, Igor"]
[Black "Suhadolnik, Jernej"]
[Result "1-0"]
[WhiteElo "2032"]
[BlackElo "1887"]
[PlyCount "51"]
[EventDate "2025.09.26"]
[WhiteTeam "SK KOCEVJE"]
[BlackTeam "SK TRZIN"]

1. e4 g5 2. d4 e6 3. Nc3 d6 4. h4 gxh4 5. Nf3 Be7 6. e5 Nc6 7. Bf4 d5 8. a3 Bd7
9. Bd3 a5 10. Qd2 h6 11. Nd1 a4 12. Ne3 Na5 13. Qe2 c5 14. dxc5 Rc8 15. Bb5
Rxc5 16. Bxd7+ Kxd7 17. Nd4 Nc4 18. Nxc4 Rxc4 19. O-O-O Bg5 20. Be3 Bxe3+ 21.
fxe3 Qb6 22. Rxh4 Ne7 23. Rf4 Ke8 24. Qh5 Rh7 25. Rf6 Nf5 26. Nxf5 1-0

[Event "I. CLANSKA LIGA ZAHOD 2025"]
[Site "Komenda"]
[Date "2025.10.24"]
[Round "7.5"]
[White "Leben, Dusan"]
[Black "Acimovic, Dejan"]
[Result "1/2-1/2"]
[WhiteElo "1836"]
[BlackElo "1923"]
[PlyCount "91"]
[EventDate "2025.09.26"]
[WhiteTeam "SK TRZIN"]
[BlackTeam "SK KOCEVJE"]

1. e4 d6 2. d4 Nf6 3. Bd3 e5 4. dxe5 dxe5 5. Nf3 Nbd7 6. Bg5 Be7 7. O-O O-O 8.
Nbd2 c6 9. Bh4 Qc7 10. a4 Re8 11. h3 h6 12. c3 Nc5 13. Bc2 Be6 14. Qe2 g5 15.
Bg3 Nfd7 16. Nc4 f6 17. Nd4 Bf7 18. b4 Ne6 19. Nxe6 Bxe6 20. Rfd1 Nf8 21. f3
Ng6 22. Bb3 Bf8 23. Qa2 Qf7 24. Na5 Bxb3 25. Qxb3 Qxb3 26. Nxb3 Re7 27. Rd3 Kf7
28. Rad1 b6 29. Kf1 Rc8 30. Ke2 Rec7 31. Rd7+ Be7 32. a5 Ke6 33. Rxc7 Rxc7 34.
axb6 axb6 35. Ra1 h5 36. Ra6 Rb7 37. Nd2 Bd8 38. Nc4 Ne7 39. Bf2 Nc8 40. h4
gxh4 41. Bxh4 Ra7 42. Rxa7 Nxa7 43. Bf2 Nc8 44. Be3 f5 45. exf5+ Kxf5 46. g3
1/2-1/2

[Event "I. CLANSKA LIGA ZAHOD 2025"]
[Site "Komenda"]
[Date "2025.10.24"]
[Round "7.5"]
[White "Mihic, Adam"]
[Black "Banfi, Gregor"]
[Result "1-0"]
[WhiteElo "1864"]
[BlackElo "1812"]
[PlyCount "53"]
[EventDate "2025.09.26"]
[WhiteTeam "SK KOCEVJE"]
[BlackTeam "SK TRZIN"]

1. d4 Nf6 2. Nc3 d5 3. Bf4 e6 4. e3 Bb4 5. Nf3 Ne4 6. Qd3 b6 7. Qb5+ Nd7 8.
Qxb4 c5 9. Qa4 Nxc3 10. bxc3 O-O 11. Qc6 e5 12. Qxa8 exf4 13. Qxd5 Qc7 14. Bb5
fxe3 15. fxe3 cxd4 16. Qc6 Qb8 17. cxd4 Nf6 18. Bd3 Ng4 19. Qe4 Nf6 20. Qf4 Qa8
21. O-O Bb7 22. Nh4 Nd5 23. Qg3 Ne7 24. Nf5 Nxf5 25. Rxf5 g6 26. Raf1 Qd8 27.
Bc4 1-0

[Event "I. CLANSKA LIGA ZAHOD 2025"]
[Site "Komenda"]
[Date "2025.10.25"]
[Round "8.1"]
[White "Skoberne, Jure"]
[Black "Stevanic, David"]
[Result "1/2-1/2"]
[WhiteElo "2546"]
[BlackElo "2311"]
[PlyCount "131"]
[EventDate "2025.09.26"]
[WhiteTeam "SD POSOCJE"]
[BlackTeam "SK KOCEVJE"]

1. d4 d5 2. Bf4 c5 3. e3 Nc6 4. c3 Qb6 5. Qb3 c4 6. Qc2 e5 7. dxe5 Bf5 8. Qc1
g5 9. Bg3 h5 10. h3 h4 11. Bh2 f6 12. Nf3 fxe5 13. Nxe5 Nf6 14. Nd2 Bg7 15. Be2
O-O 16. O-O Rae8 17. Nef3 Bh6 18. b3 cxb3 19. axb3 Bh7 20. Ra4 g4 21. hxg4 Bxe3
22. Qd1 Bc5 23. g5 Ne4 24. Nxe4 dxe4 25. Nd4 Bg6 26. Bh5 Kg7 27. Rc4 Ne5 28.
Bxg6 Kxg6 29. Bxe5 Rxe5 30. b4 Be7 31. Kh1 Bxg5 32. Qg4 Rf4 33. Qc8 Re7 34.
Qg8+ Kh6 35. Rc5 Qf6 36. Qc8 Kg6 37. Qg8+ Kh5 38. Qd5 Kg6 39. Rc8 Bh6 40. Rd8
Qf7 41. Rd6+ Rf6 42. Qf5+ Kg7 43. Qg4+ Kh7 44. Rxf6 Qxf6 45. Nf5 Re5 46. Nxh6
Kxh6 47. Rd1 e3 48. fxe3 Rxe3 49. Rd5 Re1+ 50. Kh2 Re5 51. Qd4 Re6 52. Qd2+ Kg6
53. Qd3+ Kh6 54. Rf5 Qg6 55. Qd2+ Kh7 56. Rg5 Qe4 57. Qd7+ Re7 58. Qd6 Rg7 59.
Rh5+ Kg8 60. Qd8+ Kf7 61. Qc7+ Kg6 62. Rg5+ Kxg5 63. Qxg7+ Kh5 64. Qf7+ Kg5 65.
Qg7+ Kh5 66. Qf7+ 1/2-1/2

[Event "I. CLANSKA LIGA ZAHOD 2025"]
[Site "Komenda"]
[Date "2025.10.25"]
[Round "8.1"]
[White "Acimovic, Vasja"]
[Black "Jovanovic, Zoran"]
[Result "0-1"]
[WhiteElo "2285"]
[BlackElo "2500"]
[PlyCount "74"]
[EventDate "2025.09.26"]
[WhiteTeam "SK KOCEVJE"]
[BlackTeam "SD POSOCJE"]

1. d4 Nf6 2. c4 d6 3. Nc3 g6 4. e4 Bg7 5. Nge2 Nbd7 6. Ng3 e5 7. d5 h5 8. h4
Nh7 9. Nge2 Nc5 10. Be3 O-O 11. Qd2 f5 12. exf5 gxf5 13. f4 e4 14. O-O-O Nf6
15. Ng3 Qe8 16. Be2 Qg6 17. Rh3 Bd7 18. Kb1 a5 19. Bd4 Ng4 20. Bxg7 Kxg7 21.
Nf1 Kh7 22. Bxg4 fxg4 23. Re3 Rxf4 24. Ng3 Raf8 25. Nce2 Rf2 26. Qxa5 Rxg2 27.
b4 Nd3 28. Qxc7 Rf7 29. Qd8 Qg7 30. Rd2 Qh6 31. Qg5 Qxg5 32. hxg5 Ne5 33. Nxh5
Rf1+ 34. Kc2 Nxc4 35. Rg3 Rxg3 36. Nhxg3 Ba4+ 37. Kc3 Rc1+ 0-1

[Event "I. CLANSKA LIGA ZAHOD 2025"]
[Site "Komenda"]
[Date "2025.10.25"]
[Round "8.1"]
[White "Srebrnic, Marko"]
[Black "Acimovic, Sergej"]
[Result "1-0"]
[WhiteElo "2331"]
[BlackElo "2167"]
[PlyCount "91"]
[EventDate "2025.09.26"]
[WhiteTeam "SD POSOCJE"]
[BlackTeam "SK KOCEVJE"]

1. e4 c5 2. Nf3 d6 3. Bb5+ Bd7 4. Bxd7+ Nxd7 5. O-O g6 6. c3 Bg7 7. d4 e6 8.
Bf4 e5 9. dxe5 dxe5 10. Bg5 Ngf6 11. Qe2 O-O 12. Rd1 Qc7 13. Na3 a6 14. Nc4
Rfe8 15. a4 Nf8 16. Ne3 Qc6 17. Bxf6 Bxf6 18. Nd5 Bg7 19. Nd2 Ne6 20. Nc4 Nf4
21. Qf3 Nxd5 22. exd5 Qf6 23. Qxf6 Bxf6 24. Nd6 Re7 25. Ne4 Bg7 26. d6 Ree8 27.
Nxc5 Rab8 28. Rd5 Red8 29. Rad1 Bf8 30. g4 f6 31. Ne6 Rd7 32. Nc5 Rdd8 33. c4
Kf7 34. Kg2 a5 35. g5 f5 36. d7 Bxc5 37. Rxc5 e4 38. Rxa5 Ke6 39. Rad5 b6 40.
b4 Rb7 41. c5 bxc5 42. bxc5 Rc7 43. a5 f4 44. a6 Ra7 45. c6 Rc7 46. Rc5 1-0

[Event "I. CLANSKA LIGA ZAHOD 2025"]
[Site "Komenda"]
[Date "2025.10.25"]
[Round "8.1"]
[White "Zuzek, Bor"]
[Black "Biti, Ozren"]
[Result "0-1"]
[WhiteElo "2073"]
[BlackElo "2270"]
[PlyCount "114"]
[EventDate "2025.09.26"]
[WhiteTeam "SK KOCEVJE"]
[BlackTeam "SD POSOCJE"]

1. d4 d6 2. e4 Nf6 3. Nc3 e5 4. Nf3 Nbd7 5. Rg1 c6 6. g4 g6 7. Be3 Bg7 8. g5
Nh5 9. Qd2 O-O 10. dxe5 dxe5 11. O-O-O Re8 12. Kb1 Qe7 13. Qd6 Qxd6 14. Rxd6
Nf8 15. a4 Ne6 16. Rd1 Nef4 17. Ne2 Nh3 18. Rh1 Bg4 19. Nd2 Rad8 20. Kc1 N5f4
21. Re1 Nxg5 22. Nxf4 exf4 23. Bxf4 Nf3 24. Nxf3 Bxf3 25. Rg1 Rd4 26. Bg2 Bxg2
27. Rxg2 Rxa4 28. Kb1 Rb4 29. Bc1 Rd8 30. f3 Rbd4 31. c3 Rd1 32. Rgg1 Rxe1 33.
Rxe1 a6 34. Kc2 Kf8 35. Bg5 Rd7 36. h3 Ke8 37. Ra1 Bf8 38. Be3 Bd6 39. Ra5 Bc7
40. Ra3 Ke7 41. Ra1 Ke6 42. Ra4 f5 43. exf5+ Kxf5 44. Re4 Be5 45. Bd2 Rd5 46.
Rb4 b5 47. Rh4 h5 48. Re4 Rd6 49. Bc1 Re6 50. Kd3 Bc7 51. Rxe6 Kxe6 52. Ke4 a5
53. Be3 Bd6 54. Bb6 a4 55. Bd4 c5 56. Bh8 b4 57. cxb4 cxb4 0-1

[Event "I. CLANSKA LIGA ZAHOD 2025"]
[Site "Komenda"]
[Date "2025.10.25"]
[Round "8.1"]
[White "Beletic, Danijel"]
[Black "Mestek, Igor"]
[Result "1-0"]
[WhiteElo "2269"]
[BlackElo "2032"]
[PlyCount "79"]
[EventDate "2025.09.26"]
[WhiteTeam "SD POSOCJE"]
[BlackTeam "SK KOCEVJE"]

1. d4 d5 2. Nf3 e6 3. e3 f5 4. Bd3 Nf6 5. O-O Be7 6. b3 O-O 7. c4 c6 8. Qc2 Na6
9. a3 Bd7 10. Nc3 Nc7 11. Bb2 Ne4 12. Ne2 Bd6 13. c5 Be7 14. Ne5 Bg5 15. Nf4
Be8 16. Rae1 Bh6 17. f3 Ng5 18. g4 g6 19. h4 Nf7 20. g5 Bg7 21. Rf2 Nxe5 22.
dxe5 Qe7 23. Bd4 Nb5 24. Bxb5 cxb5 25. Qb2 a5 26. Rc1 Ra6 27. Rcc2 Rc6 28. b4
Qc7 29. a4 Ra6 30. c6 Rxc6 31. Nxe6 Qd7 32. Rxc6 bxc6 33. Nxf8 Bxf8 34. axb5
axb4 35. bxc6 Qc7 36. Qa2 Kh8 37. Qa7 Qxa7 38. Bxa7 b3 39. c7 b2 40. c8=Q 1-0

[Event "I. CLANSKA LIGA ZAHOD 2025"]
[Site "Komenda"]
[Date "2025.10.25"]
[Round "8.1"]
[White "Bajo, Tin"]
[Black "Timagin, Petr"]
[Result "1/2-1/2"]
[WhiteElo "2010"]
[BlackElo "2312"]
[PlyCount "57"]
[EventDate "2025.09.26"]
[WhiteTeam "SK KOCEVJE"]
[BlackTeam "SD POSOCJE"]

1. e4 e5 2. Nf3 Nc6 3. Bc4 Bc5 4. c3 Nf6 5. d3 O-O 6. Bb3 d6 7. h3 Bb6 8. Nbd2
Qe7 9. O-O Be6 10. Nc4 Na5 11. Nxa5 Bxa5 12. Be3 c6 13. Bc2 Rfe8 14. Qe2 Bc7
15. a3 d5 16. Rad1 h6 17. Rfe1 dxe4 18. dxe4 Nd7 19. Nd2 Nf8 20. Bb3 Red8 21.
Bxe6 Nxe6 22. Nf1 Bb6 23. Ng3 Bxe3 24. Qxe3 Nf4 25. Ne2 Ne6 26. Ng3 Nf4 27. Ne2
Ne6 28. Ng3 Nf4 29. Ne2 1/2-1/2

[Event "I. CLANSKA LIGA ZAHOD 2025"]
[Site "Komenda"]
[Date "2025.10.25"]
[Round "8.2"]
[White "Praznik, Niko"]
[Black "Jocev, Milan"]
[Result "1/2-1/2"]
[WhiteElo "2297"]
[BlackElo "2206"]
[PlyCount "60"]
[EventDate "2025.09.26"]
[WhiteTeam "SD VRHNIKA"]
[BlackTeam "SK TRZIN"]

1. g3 d5 2. Nf3 Nc6 3. d4 Bf5 4. Bg2 e6 5. c3 Nf6 6. O-O Be7 7. Nh4 Be4 8. f3
Bxb1 9. Rxb1 Nd7 10. f4 Bxh4 11. gxh4 f5 12. Qe1 O-O 13. Be3 Nf6 14. Kh1 Ne4
15. Rg1 Kh8 16. Bf3 Ne7 17. h5 Ng8 18. Bf2 Nxf2+ 19. Qxf2 Qe7 20. Qe3 Nf6 21.
Rg5 Qd6 22. Rbg1 Rf7 23. Qd2 c6 24. e3 h6 25. Rg6 Qe7 26. Rc1 Rd8 27. Qe1 c5
28. b4 c4 29. a4 Ra8 30. Ra1 Rd8 1/2-1/2

[Event "I. CLANSKA LIGA ZAHOD 2025"]
[Site "Komenda"]
[Date "2025.10.25"]
[Round "8.2"]
[White "Krupenko, Peter"]
[Black "Siraj, Svit"]
[Result "1/2-1/2"]
[WhiteElo "1968"]
[BlackElo "2122"]
[PlyCount "192"]
[EventDate "2025.09.26"]
[WhiteTeam "SK TRZIN"]
[BlackTeam "SD VRHNIKA"]

1. c4 e6 2. Nf3 d5 3. e3 Nf6 4. Nc3 c5 5. cxd5 exd5 6. d4 Nc6 7. Be2 Be7 8. O-O
O-O 9. b3 b6 10. Bb2 Bb7 11. Rc1 Rc8 12. dxc5 bxc5 13. Na4 Ne4 14. Nd2 Qa5 15.
Nxe4 dxe4 16. Qd7 Qc7 17. Qxc7 Rxc7 18. Nxc5 Nb4 19. Nxb7 Rxb7 20. Bc4 Nxa2 21.
Ra1 Nb4 22. Rfd1 Rc8 23. Bd4 Rcc7 24. Rd2 h6 25. g3 Bf6 26. Bxf6 gxf6 27. Rad1
Kg7 28. Rd4 f5 29. Rd6 Nd3 30. Bxd3 exd3 31. R1xd3 Rc5 32. Ra6 Rcb5 33. Ra3 f6
34. Kg2 Kg6 35. Kf3 h5 36. h4 Kf7 37. Ra6 Rxb3 38. Rxb3 Rxb3 39. Rxa7+ Kg6 40.
Ra4 Rb2 41. Rd4 Ra2 42. Kg2 Rb2 43. Kf1 Rb1+ 44. Ke2 Rb2+ 45. Rd2 Rb3 46. Rc2
Ra3 47. Rc7 Ra2+ 48. Kf3 Ra4 49. Re7 Ra2 50. Rb7 Rc2 51. Rb1 Ra2 52. Re1 Rb2
53. e4 fxe4+ 54. Rxe4 Rb3+ 55. Kf4 Rb5 56. Ra4 Rf5+ 57. Ke3 Re5+ 58. Re4 Ra5
59. f3 Ra1 60. Kf4 Rf1 61. Re7 Rh1 62. Re2 Rh3 63. Ra2 Rh1 64. Ra8 Rh2 65. Rh8
Rh1 66. Rg8+ Kf7 67. Rc8 Kg6 68. Rc2 Rh3 69. Rg2 Rh1 70. Ke3 Kh6 71. Kf2 Kg6
72. Rg1 Rh2+ 73. Ke3 Ra2 74. g4 Ra3+ 75. Kf4 Ra4+ 76. Kg3 hxg4 77. fxg4 Ra3+
78. Kg2 Ra2+ 79. Kh3 Rf2 80. Ra1 Rf3+ 81. Kg2 Rb3 82. Rf1 Rb5 83. Kg3 Ra5 84.
Rf4 Ra3+ 85. Rf3 Ra5 86. Rd3 Rb5 87. Rd4 Rb1 88. h5+ Kh6 89. Rd8 Rb5 90. Rg8
Rg5 91. Rb8 f5 92. Rb6+ Kh7 93. Rb7+ Kh6 94. Rb6+ Kh7 95. Kf4 Rxg4+ 96. Kxf5
Rg7 1/2-1/2

[Event "I. CLANSKA LIGA ZAHOD 2025"]
[Site "Komenda"]
[Date "2025.10.25"]
[Round "8.2"]
[White "Okorn, Nejc"]
[Black "Jakob, Matthias"]
[Result "1-0"]
[WhiteElo "1919"]
[BlackElo "1996"]
[PlyCount "81"]
[EventDate "2025.09.26"]
[WhiteTeam "SD VRHNIKA"]
[BlackTeam "SK TRZIN"]

1. e4 e6 2. d4 d5 3. exd5 exd5 4. Bd3 Bd6 5. Ne2 Ne7 6. Bf4 Nbc6 7. c3 Bf5 8.
a4 Bxd3 9. Qxd3 O-O 10. O-O a6 11. Nd2 Qd7 12. b4 Qf5 13. Qxf5 Nxf5 14. Bxd6
Nxd6 15. Nf4 Ne7 16. Rfe1 Rfe8 17. Re5 c6 18. Rae1 Kf8 19. Nd3 Ng6 20. R5e3
Rxe3 21. Rxe3 Re8 22. g4 f6 23. Kg2 Re7 24. Kg3 Kf7 25. Nc5 Nf8 26. Rxe7+ Kxe7
27. f4 Nd7 28. f5 Nxc5 29. bxc5 Nc8 30. Nb3 b5 31. a5 Kf7 32. Nc1 Ne7 33. Nd3
h5 34. Nb4 hxg4 35. Kxg4 g6 36. fxg6+ Kxg6 37. Nxa6 Nf5 38. Kf4 Ng7 39. Nb4
Ne6+ 40. Kg3 Kf5 41. Kf3 1-0

[Event "I. CLANSKA LIGA ZAHOD 2025"]
[Site "Komenda"]
[Date "2025.10.25"]
[Round "8.2"]
[White "Suhadolnik, Jernej"]
[Black "Zlindra, Aljaz"]
[Result "0-1"]
[WhiteElo "1887"]
[BlackElo "1995"]
[PlyCount "68"]
[EventDate "2025.09.26"]
[WhiteTeam "SK TRZIN"]
[BlackTeam "SD VRHNIKA"]

1. a4 d5 2. h4 e5 3. c4 c6 4. b3 Be6 5. d3 Nf6 6. g3 Nbd7 7. Bg2 Bd6 8. Nd2 O-O
9. Ngf3 h6 10. e4 dxe4 11. dxe4 Bc5 12. Bb2 Ng4 13. O-O Qb6 14. Qe2 a5 15. Bh3
Nxf2 16. Bxe6 Ng4+ 17. Kh1 fxe6 18. h5 Ne3 19. Rfc1 Bd4 20. c5 Bxc5 21. Nxe5
Nxe5 22. Bxe5 Bd4 23. Bxd4 Qxd4 24. Ra2 Rad8 25. Re1 Qd3 26. Kg1 Qxe2 27. Rxe2
Rd3 28. Rb2 Nd1 29. Rc2 Rxg3+ 30. Kh1 Nf2+ 31. Kh2 Rg5 32. Nf3 Rxf3 33. Rxf2
Rxh5+ 34. Kg2 Rxf2+ 0-1

[Event "I. CLANSKA LIGA ZAHOD 2025"]
[Site "Komenda"]
[Date "2025.10.25"]
[Round "8.2"]
[White "Vodnik, Val"]
[Black "Porenta, Matija"]
[Result "1/2-1/2"]
[WhiteElo "1777"]
[BlackElo "1831"]
[PlyCount "70"]
[EventDate "2025.09.26"]
[WhiteTeam "SD VRHNIKA"]
[BlackTeam "SK TRZIN"]

1. c4 Nf6 2. Nc3 g6 3. g3 Bg7 4. Bg2 O-O 5. d4 d6 6. Nf3 Nc6 7. e4 Bg4 8. h3
Bxf3 9. Bxf3 e5 10. dxe5 Nxe5 11. Be2 Qd7 12. Be3 Qc6 13. Nd5 Rfe8 14. Qc2 Qd7
15. Kf1 h6 16. Kg2 Kh7 17. Bd4 Nxd5 18. exd5 c5 19. Bc3 Qd8 20. h4 Nd7 21. h5
Bxc3 22. hxg6+ fxg6 23. bxc3 Kg7 24. Bd3 Qf6 25. Rae1 Ne5 26. f4 Nxd3 27. Qxd3
Re7 28. Re3 Rae8 29. Rhe1 h5 30. Rxe7+ Rxe7 31. Re3 Kf7 32. Qe2 Rxe3 33. Qxe3
Qf5 34. Qe2 Qf6 35. Qe3 Qf5 1/2-1/2

[Event "I. CLANSKA LIGA ZAHOD 2025"]
[Site "Komenda"]
[Date "2025.10.25"]
[Round "8.2"]
[White "Bajec, Borut"]
[Black "Sever, Gasper"]
[Result "1/2-1/2"]
[WhiteElo "1727"]
[BlackElo "1856"]
[PlyCount "57"]
[EventDate "2025.09.26"]
[WhiteTeam "SK TRZIN"]
[BlackTeam "SD VRHNIKA"]

1. d4 f5 2. Nf3 Nf6 3. c4 g6 4. e3 Bg7 5. Bd3 O-O 6. Nc3 d6 7. O-O Qe8 8. e4 e5
9. dxe5 dxe5 10. Qc2 Na6 11. Nd5 Nxd5 12. cxd5 Nb4 13. Qb3 Nxd3 14. Qxd3 fxe4
15. Qxe4 Bf5 16. Qc4 Kh8 17. Bd2 Rd8 18. Bc3 Qd7 19. Rad1 Rde8 20. Ng5 b5 21.
Qc5 a6 22. Rfe1 e4 23. Ne6 Bxe6 24. dxe6 Qxe6 25. Bxg7+ Kxg7 26. Qxc7+ Rf7 27.
Qc3+ Kg8 28. a3 Rc8 29. Qe3 1/2-1/2

[Event "I. CLANSKA LIGA ZAHOD 2025"]
[Site "Komenda"]
[Date "2025.10.25"]
[Round "8.3"]
[White "Brezovar, Matjaz"]
[Black "Zidar, Jernej"]
[Result "1/2-1/2"]
[WhiteElo "2185"]
[BlackElo "2036"]
[PlyCount "52"]
[EventDate "2025.09.26"]
[WhiteTeam "SK DOLENJSKE TOPLICE"]
[BlackTeam "SK KOMENDA"]

1. c4 c5 2. g3 Nc6 3. Bg2 g6 4. Nc3 Bg7 5. Nf3 Nf6 6. O-O O-O 7. d4 cxd4 8.
Nxd4 Nxd4 9. Qxd4 d6 10. Qh4 a6 11. Bh6 Bxh6 12. Qxh6 Ng4 13. Qd2 Rb8 14. Rad1
Be6 15. Nd5 Ne5 16. h3 b5 17. cxb5 Rxb5 18. Rc1 Bxd5 19. Bxd5 Qb6 20. Rfd1 Rc5
21. Rxc5 Qxc5 22. Rc1 Qb6 23. Qc3 Qb5 24. Qd2 Qb6 25. Qc3 Qb5 26. Qd2 Qb6
1/2-1/2

[Event "I. CLANSKA LIGA ZAHOD 2025"]
[Site "Komenda"]
[Date "2025.10.25"]
[Round "8.3"]
[White "Juhant, Igor"]
[Black "Luzar, Emil"]
[Result "1/2-1/2"]
[WhiteElo "1972"]
[BlackElo "2111"]
[PlyCount "60"]
[EventDate "2025.09.26"]
[WhiteTeam "SK KOMENDA"]
[BlackTeam "SK DOLENJSKE TOPLICE"]

1. e4 c5 2. Nf3 d6 3. Bb5+ Bd7 4. a4 Nf6 5. Qe2 g6 6. O-O Bg7 7. Na3 O-O 8. c3
Nc6 9. h3 Na5 10. d4 Nb3 11. Rb1 Nxc1 12. Rbxc1 a6 13. Bxd7 Nxd7 14. e5 dxe5
15. dxe5 e6 16. Rcd1 Qc7 17. Nc4 Rfd8 18. a5 b5 19. axb6 Nxb6 20. Rxd8+ Rxd8
21. Nxb6 Qxb6 22. Ra1 a5 23. Qc2 Rb8 24. Ra2 Qc7 25. Qe4 Bh6 26. g3 Rd8 27. Kg2
Rd5 28. b4 cxb4 29. cxb4 axb4 30. Qxb4 Rd8 1/2-1/2

[Event "I. CLANSKA LIGA ZAHOD 2025"]
[Site "Komenda"]
[Date "2025.10.25"]
[Round "8.3"]
[White "Stubljar, Andrej"]
[Black "Macek, Inti"]
[Result "1-0"]
[WhiteElo "1995"]
[BlackElo "1920"]
[PlyCount "77"]
[EventDate "2025.09.26"]
[WhiteTeam "SK DOLENJSKE TOPLICE"]
[BlackTeam "SK KOMENDA"]

1. h4 d5 2. d4 e6 3. Bf4 Nf6 4. e3 Bd6 5. Bd3 b6 6. c3 Ba6 7. Bxa6 Nxa6 8. Qa4+
Qd7 9. Qxa6 Bxf4 10. exf4 c5 11. Nf3 Ng4 12. Nbd2 O-O 13. h5 f6 14. Rh4 e5 15.
fxe5 Rae8 16. O-O-O Qf5 17. Rxg4 Qxg4 18. h6 cxd4 19. hxg7 Qxg7 20. exf6 Rxf6
21. Qa4 Rd8 22. Qxd4 Rg6 23. Qxg7+ Rxg7 24. g3 Rf7 25. Re1 Rdf8 26. Re3 Rf6 27.
Kd1 b5 28. a3 a6 29. Ke2 h6 30. Nb3 R8f7 31. Nbd4 Kg7 32. Ne6+ Kg8 33. Nf4 Rd7
34. Ne5 Rd8 35. Kd3 Rfd6 36. Kd4 Rc8 37. b3 Rcd8 38. Nfd3 a5 39. Nc5 1-0

[Event "I. CLANSKA LIGA ZAHOD 2025"]
[Site "Komenda"]
[Date "2025.10.25"]
[Round "8.3"]
[White "Trpin, Alenka"]
[Black "Pucelj, Joze"]
[Result "0-1"]
[WhiteElo "1813"]
[BlackElo "1969"]
[PlyCount "86"]
[EventDate "2025.09.26"]
[WhiteTeam "SK KOMENDA"]
[BlackTeam "SK DOLENJSKE TOPLICE"]

1. e4 d6 2. d4 Nf6 3. Nc3 g6 4. h3 Bg7 5. Bc4 O-O 6. f4 c5 7. Nf3 cxd4 8. Nxd4
Qb6 9. Nb3 Nc6 10. Qe2 a6 11. e5 dxe5 12. fxe5 Nh5 13. Nd5 Qd8 14. Bf4 Nxf4 15.
Nxf4 Nxe5 16. O-O Nxc4 17. Qxc4 e5 18. Nd3 Be6 19. Qb4 b6 20. Rad1 Qc7 21. c3
Bc4 22. Rfe1 Rfd8 23. Nf2 a5 24. Rxd8+ Rxd8 25. Qa4 f5 26. Rd1 Rxd1+ 27. Nxd1
Bf7 28. Qb5 Bh6 29. Qd3 Bc4 30. Qg3 Bf4 31. Qh4 Qd6 32. Nf2 Bxb3 33. axb3 Qd2
34. g3 Be3 35. Qc4+ Kg7 36. Qf1 Qxf2+ 37. Qxf2 Bxf2+ 38. Kxf2 g5 39. Kf3 Kf6
40. Ke3 h5 41. b4 axb4 42. cxb4 Ke6 43. Kd3 Kd5 0-1

[Event "I. CLANSKA LIGA ZAHOD 2025"]
[Site "Komenda"]
[Date "2025.10.25"]
[Round "8.3"]
[White "Voglar, Peter"]
[Black "Hribar, Izak"]
[Result "1-0"]
[WhiteElo "1954"]
[BlackElo "1706"]
[PlyCount "93"]
[EventDate "2025.09.26"]
[WhiteTeam "SK DOLENJSKE TOPLICE"]
[BlackTeam "SK KOMENDA"]

1. e4 c5 2. Nf3 Nc6 3. d4 cxd4 4. Nxd4 e6 5. g3 g6 6. c3 a6 7. Bg2 Bg7 8. O-O
Nge7 9. Nb3 O-O 10. Na3 d5 11. exd5 exd5 12. Nc2 Bf5 13. Ncd4 Nxd4 14. Nxd4 Qc8
15. Re1 Re8 16. Bg5 f6 17. Bf4 Bh3 18. Bf3 Qd7 19. Qb3 Rad8 20. Rad1 Nc6 21.
Qxd5+ Qxd5 22. Rxe8+ Rxe8 23. Bxd5+ Kh8 24. Nxc6 bxc6 25. Bxc6 Rf8 26. Bc7 Be6
27. a4 Kg8 28. Rd8 f5 29. Rxf8+ Kxf8 30. f4 Ke7 31. Kf2 Bc4 32. Ke3 Ke6 33. Bf3
Bb3 34. a5 Kd7 35. Bb6 Bc4 36. Be2 Bxe2 37. Kxe2 Kc6 38. Kd3 Kd5 39. b4 h6 40.
c4+ Kc6 41. Bd4 Bf8 42. Kc3 g5 43. h3 Bd6 44. Be3 h5 45. fxg5 Bxg3 46. g6 Be5+
47. Bd4 1-0

[Event "I. CLANSKA LIGA ZAHOD 2025"]
[Site "Komenda"]
[Date "2025.10.25"]
[Round "8.4"]
[White "Feinig, Mario"]
[Black "Zamar Kodelja, Jurij"]
[Result "1/2-1/2"]
[WhiteElo "2192"]
[BlackElo "2232"]
[PlyCount "74"]
[EventDate "2025.09.26"]
[WhiteTeam "SK STARI MAYR KRANJ"]
[BlackTeam "SK NOVA GORICA"]

1. e4 e5 2. Nf3 Nc6 3. Nc3 Nf6 4. d4 exd4 5. Nxd4 Bb4 6. Nxc6 bxc6 7. Bd3 O-O
8. O-O Re8 9. Bg5 Rb8 10. f4 Be7 11. Bxf6 Bxf6 12. e5 Be7 13. Qh5 g6 14. Qf3 d5
15. f5 Bxf5 16. Bxf5 gxf5 17. Qg3+ Kh8 18. Rxf5 Rg8 19. Qf3 Rxb2 20. Rxf7 Bc5+
21. Kh1 Qg5 22. Na4 Rxc2 23. Nxc5 Rxc5 24. Qf6+ Qxf6 25. exf6 d4 26. Rxc7 Rf8
27. Rd7 Rxf6 28. Rxd4 Kg7 29. Rd2 Kg6 30. g3 Rd5 31. Rc2 c5 32. Rac1 Ra6 33.
Kg2 h6 34. Kf3 Rd3+ 35. Ke2 Rda3 36. Rxc5 Rxa2+ 37. R1c2 Rxc2+ 1/2-1/2